000 00304nam a22001337a 4500
008 170315b xxu||||| |||| 00| 0 eng d
020 _a9780072528312
041 _aeng
080 _24TH
_a591
100 _a7
101 _aSHM
245 _aCOMPARATIVE VERTEBRATE ANATOMY
_cKARDONG, K.V
942 _2udc
_cBK
999 _c7802
_d7802